Normal view
MARC view
- Local transit
Entry Topical Term
001 - CONTROL NUMBER
- control field: 21555
003 - CONTROL NUMBER IDENTIFIER
- control field: NUST
005 - DATE AND TIME OF LATEST TRANSACTION
- control field: 20190926121255.0
008 - FIXED-LENGTH DATA ELEMENTS
- fixed length control field: 190926|| aca||aabn | a|a d
040 ## - CATALOGING SOURCE
- Original cataloging agency: NUST
- Transcribing agency: NUST
150 ## - HEADING--TOPICAL TERM
- Topical term or geographic name entry element: Local transit
- Geographic subdivision: United States.
670 ## - SOURCE DATA FOUND
- Source citation: Work cat.: (NUST)0: Collura, John. 21553, Transit ownership/operation options for small urban and rural areas /, [1982]
